Click a Flag Without... Quiz Stats

 Plays Quiz Updated Jan 26, 2018

Challenge
Share
Tweet
Embed
Score 0/15 Timer 03:00
7 Plays Today
Question Answer Wrong Answers
Without the Nordic Cross? Estonia
92%
Finland
2.1%
Iceland
3.8%
Sweden
2%
Without the color white? Albania
77.3%
Austria
3.4%
Denmark
4.7%
Peru
13.2%
Without star(s) and stripes? Mexico
76.8%
Cuba
7.1%
Syria
14.9%
United States
0.8%
Without a quadrilateral shape? Nepal
69.9%
Bhutan
10.8%
Switzerland
8.8%
Sri Lanka
8.2%
Without all the colors green, white and orange? Republic of the Congo
62.8%
Cote d'Ivoire
7.5%
Ireland
1.9%
Niger
21.5%
Without plants? Myanmar
62.7%
Canada
3.3%
Grenada
21.8%
Lebanon
6.9%
Without the Union Flag? Vanuatu
58.6%
Fiji
10.5%
New Zealand
3%
Tuvalu
21.9%
Without an eagle? Sri Lanka
48.9%
Egypt
16.2%
Kazakhstan
18.5%
Zambia
12%
Without a circle on it? Malaysia
47.3%
Laos
9.8%
Mongolia
21%
Palau
14.3%
Without a weapon? Tanzania
44.9%
Angola
13%
Kenya
21%
Mozambique
12.1%
Without text? Syria
40%
Brunei
37.6%
Iraq
11.6%
Saudi Arabia
4.1%
Without five stars? Kyrgyzstan
39.4%
China
11.2%
Singapore
21.2%
Turkmenistan
19.9%
Without the Southern Cross constellation? Tonga
37.7%
Australia
5.5%
Brazil
41.9%
Samoa
11.6%
Without a 1:2 aspect ratio? United States
29.3%
Azerbaijan
14.6%
Eritrea
26.4%
North Korea
19%
Without at least 10 different colors? Andorra
24%
Belize
12.4%
Ecuador
22.2%
San Marino
31.7%

You're not logged in!

Compare scores with friends on all Sporcle quizzes.
OR
Log In

You Might Also Like...

Show Comments

Extras

Top Quizzes Today


Score Distribution

Your Account Isn't Verified!

In order to create a playlist on Sporcle, you need to verify the email address you used during registration. Go to your Sporcle Settings to finish the process.

Report this User

Report this user for behavior that violates our Community Guidelines.

Details: